| 000 | 01051cab a2200289 4500 | ||
|---|---|---|---|
| 001 | WB3401-65 | ||
| 008 | 090401t1997 xxu||||| |||| 00| 0 eng d | ||
| 035 | _a(Sirsi) u82992 | ||
| 041 | _aeng | ||
| 245 | _aGeographic information charter standards | ||
| 260 | _c1997 | ||
| 350 | _a0 | ||
| 490 |
_aDETR News Release _v(520/ENV) 17 December 1997 (3) |
||
| 520 | _aOrganisations such as local authorities, businesses and environmental groups are set to have much better access to public geographical information as a result of Charter Standards adopted by six government bodies. | ||
| 650 | _aACCESS TO INFORMATION | ||
| 650 | _aCITIZENS CHARTER STANDARD STATEMENT FOR GEOGRAPHIC INFORMATION | ||
| 650 | _aDEPARTMENT OF TRADE AND INDUSTRY | ||
| 650 | _aENVIRONMENT AGENCY | ||
| 650 | _aFORESTRY COMMISSION | ||
| 650 | _aGENERAL REGISTER OFFICE FOR SCOTLAND | ||
| 650 | _aGEOGRAPHICAL INFORMATION | ||
| 650 | _aHM LAND REGISTRY | ||
| 650 | _aREGISTERS OF SCOTLAND | ||
| 690 | _aLAND SURVEYING | ||
| 942 | _n0 | ||
| 948 | _c06/01/1998 | ||
| 999 |
_c52422 _d52422 |
||